00225nam a2200097Ia 4500008004100000041000800041100001700049245003300066650000900099999001900108230605s9999 xx 000 0 und d aeng aPriest/welch aCreating stress -free office aC.S. c416852d416852